Die bevölkerungsreichsten Länder am Pazifischen Ozean - Statistiken

Allgemein
  • Dieses Quiz wurde 186 mal gespielt
  • Das Durchschnittsergebnis liegt bei 13 aus 15
Antwortstatistiken
Einwohner Land % Korrekt
1 387 210 000 China
100%
261 891 000 Indonesien
98%
126 670 000 Japan
98%
326 020 000 Vereinigte Staaten
98%
123 364 000 Mexiko
95%
104 811 000 Philippinen
91%
36 703 000 Kanada
89%
31 826 000 Peru
89%
146 837 000 Russland
89%
51 446 000 Südkorea
87%
93 700 000 Vietnam
85%
69 038 000 Thailand
82%
49 471 000 Kolumbien
80%
25 491 000 Nordkorea
79%
32 271 000 Malaysia
78%
Keine übereinstimmenden Quizze gefunden
Verteilung der Resultate
Anzahl Personen mit jedem Resultat
Perzentil nach korrekt beantworteten Fragen
Ihre Resultats-Entwicklung
Sie haben dieses Quiz noch nicht gespielt